00426cam a2200169ua 45000010005000000080039000050400009000440410008000530820012000611000025000732450039000982500009001372600036001463000010001826530044001926530020002367502141211n ii |||gr||||Z||||||ben cMAIN aben a891.443 aTagore, R.,eAuthor.1 aGalpasalpacBy Rabindranath Tagore a1st. aKolkatta:bBiswabharati,c1965. a107p. aEast Indo-European & Celtic literatures aBengali stories